000 00610nam a22001817a 4500
003 BD-DhUL
005 20160828191555.0
008 160828b xxu||||| |||| 00| 0 eng d
040 _aBD-DhUL
_cBD-DhUL
082 _a902
_bBAA
110 2 _aবাঙলা একাডেমী
245 2 0 _aঐতিহাসিক অভিধান /
_cবাঙলা একাডেমী
260 _aঢাকা :
_bবাংলা একাডেমী,
_cc ১৯৬৭
300 _a(১০) , ৩০১ পৃ. :
_c২৮সেমি.
650 0 _aইতিহাস
650 0 _aHistory
942 _2ddc
_cBK
999 _c102012
_d102012